| 000 | 00410nam a22001697a 4500 | ||
|---|---|---|---|
| 003 | OSt | ||
| 008 | 201117b ||||| |||| 00| 0 eng d | ||
| 020 | _a978-9332557185 | ||
| 100 | _aKOTLER, Philip | ||
| 245 | _aMarketing Management | ||
| 250 | _a15 ed | ||
| 260 |
_aNew Delhi _bPearson Education India; _c2016 |
||
| 300 | _a756 | ||
| 650 | _aB.Com. Hons | ||
| 700 | _a KELLER, Kaven Lane | ||
| 942 |
_2ddc _cBK |
||
| 999 |
_c9134 _d9134 |
||